000 00519nam a22001817a 4500
005 20241003052615.0
008 241003b |||||||| |||| 00| 0 eng d
020 _a9781776176397
041 _aEnglish
082 _a343.4 CON
100 _lEnglish
245 _aConcise Guide to Tax in Namibia /
_cD Clegg
250 _a11th Edition
260 _aDurban:
_bLexisNexis (Pty) Ltd,
_c2023
300 _bvii, 328 pages;
_c22 cm.
650 _aLegal practice
_bLaw
942 _cBK
_6ALISON_BN_VRIES
999 _c3199
_d3199